Complete the Movie Title (2003) - Statistics

General Stats
  • This quiz has been taken 396 times
  • The average score is 19 of 25
Answer Stats
Hint Answer % Correct
Finding _____ Nemo
97%
_____ Actually Love
92%
_____ Almighty Bruce
91%
Pirates of the Caribbean: The Curse of the Black _____ Pearl
90%
School of _____ Rock
90%
_____ Management Anger
89%
The Matrix _____ Reloaded
89%
The Lord of the Rings: The Two _____ Towers
87%
The Lord of the Rings: The Return of the ______ King
86%
The Last _____ Samurai
86%
The League of Extraordinary _____ Gentlemen
82%
Gangs of _____ New York
81%
The Italian _____ Job
77%
House of 1000 _____ Corpses
75%
Confessions of a Dangerous _____ Mind
71%
Once Upon a Time in _____ Mexico
70%
_____ Go Wild Rugrats
67%
Matchstick _____ Men
66%
Old _____ School
66%
_____ of the Sun Tears
62%
_____’s Big Movie Piglet
58%
_____’s Most Wanted Malibu
56%
American _____ Wedding
51%
Runaway _____ Jury
44%
Secondhand _____ Lions
30%
No matching quizzes found
Score Distribution
Percent of People with Each Score
Percentile by Number Answered
Your Score History
You have not taken this quiz